01489nam a2200385 a 4500001001200000003000800012006001900020007001500039008004100054020002300095020002300118020002700141040002100168035002100189043001200210050002400222082001600246100001900262245008300281260004500364300003000409490003100439504005100470533015200521651004000673651004900713651004300762651003400805651004300839655002900882710001700911830003200928856012600960999001701086ebr10695821CaPaEBRm u cr cn|||||||||130513s2013 enkab sb 001 0 eng d z9781780761763 (pb) z9781780761756 (hb) z9780857721754 (e-book) aCaPaEBRcCaPaEBR a(OCoLC)844361388 ae-gx---14aJN3952b.S76 2013eb04a943.0852231 aStorer, Colin.12aA short history of the Weimar Republich[electronic resource] /cColin Storer. aLondon ;aNew York :bI.B.Tauris,c2013. avii, 239 p. :bill., map.1 aI.B.Tauris short histories aIncludes bibliographical references and index. aElectronic reproduction.bPalo Alto, Calif. :cebrary,d2013.nAvailable via World Wide Web.nAccess may be limited to ebrary affiliated libraries. 0aGermanyxHistoryxRevolution, 1918. 0aGermanyxPolitics and governmenty1918-1933. 0aGermanyxSocial conditionsy1918-1933. 0aGermanyxEconomic conditions. 0aGermanyxForeign relationsy1918-1933. 7aElectronic books.2local2 aebrary, Inc. 0aI.B.Tauris short histories.40uhttp://site.ebrary.com/lib/rucke/Doc?id=10695821zAn electronic book accessible through the World Wide Web; click to view c23943d23943